Loading...
Thapante amma
| Main Authors: | , |
|---|---|
| Format: | Printed Book |
| Published: |
Pala, Sahrudaya books
1998
|
| LEADER | 004580000a22001450004500 | ||
|---|---|---|---|
| 040 | |a MAL | ||
| 082 | |a 891.443 MAH/T 32N8 | ||
| 100 | |a Leela Sarkar; Tr | ||
| 100 | |a Mahaswetha Devi | ||
| 245 | |a Thapante amma | ||
| 260 | |a Pala, Sahrudaya books | ||
| 260 | |c 1998 | ||
| 465 | |a R 80 | ||
| 999 | |c 24634 |d 24634 | ||
| 952 | |0 0 |1 0 |4 0 |6 891_443000000000000_MAHT_32N8 |7 0 |8 MAL |9 24458 |a MGUL |b MGUL |d 2013-07-16 |e R 80 |l 7 |m 1 |o 891.443 MAH/T 32N8 |p 28483 |r 2020-02-23 |s 2020-01-28 |w 2013-07-16 |y BK | ||